| 000 | 00540nam a2200205Ia 4500 | ||
|---|---|---|---|
| 008 | 180523s9999 xx 000 0 und d | ||
| 020 | _a81-7992-262-6 | ||
| 050 | _aMAIN HV 6691 | ||
| 050 | _b.P75 2004 | ||
| 100 | _aPrice, David. | ||
| 245 | 0 | _aCorporate fraud : | |
| 245 | 0 | _bhow to identify and deal with corporate fraud and how to prevent it / | |
| 245 | 0 | _cDavid Price. | |
| 260 | _aNew Delhi : | ||
| 260 | _bJaico Publishing, | ||
| 260 | _c2004 | ||
| 300 | _a183 pages : | ||
| 300 | _c22 cm. | ||
| 500 | _aIncludes index. | ||
| 999 |
_c357293 _d357293 |
||